000 00363 a2200133 4500
001 90474
082 _aPR 906
090 _c42807
_d42807
100 _aMunir M Baig GC; Ejaz Yaqoob, advisor
245 _aDesign and fabrication of CAE light aircraft wing
_nG-22
260 _aKarachi
_bNED University
_c1985
300 _aix, 100 p.
500 _aBE Project Reports
942 _aCAE NUST
_kPR 906
999 _c325547
_d325547